Turbo Pascal, thực hành lập trình trong các ngành kỹ thuật
Đã lưu trong:
| Príomhúdar: | |
|---|---|
| Formáid: | Leabhar |
| Teanga: | Undetermined |
| Foilsithe: |
Hà Nội
Giao thông vận tải
1995
|
| Ábhair: | |
| Clibeanna: |
Cuir Clib Leis
Gan Chlibeanna, Bí ar an gcéad duine leis an taifead seo a chlibeáil!
|
| Thư viện lưu trữ: | Trung tâm Học liệu Trường Đại học Cần Thơ |
|---|
| LEADER | 00640nam a2200193Ia 4500 | ||
|---|---|---|---|
| 001 | CTU_27522 | ||
| 008 | 210402s9999 xx 000 0 und d | ||
| 020 | |b 26.000đ | ||
| 082 | |a 005.133 | ||
| 082 | |b Tr513 | ||
| 100 | |a Nguyễn Viết Trung | ||
| 245 | 0 | |a Turbo Pascal, thực hành lập trình trong các ngành kỹ thuật | |
| 245 | 0 | |c Nguyễn Viết Trung, Nguyễn Hữu Đức | |
| 260 | |a Hà Nội | ||
| 260 | |b Giao thông vận tải | ||
| 260 | |c 1995 | ||
| 650 | |a pascal ( computer program language ) | ||
| 904 | |i Minh, 981225 | ||
| 980 | |a Trung tâm Học liệu Trường Đại học Cần Thơ | ||